Los grabados en la obra de Juan Pablos (Record no. 6522)

MARC details
000 -CABECERA
campo de control de longitud fija 01218nam a2200289 a 4500
001 - NÚMERO DE CONTROL
campo de control BRCA_6839
005 - FECHA Y HORA DE LA ÚLTIMA TRANSACCIÓN
campo de control 20190320205619.0
008 - DATOS DE LONGITUD FIJA--INFORMACIÓN GENERAL
campo de control de longitud fija 081111s2010----mx-#######---#000-0#spa-#
020 ## - NÚMERO INTERNACIONAL ESTÁNDAR DEL LIBRO
Número Internacional Estándar del Libro 9786071604507
041 ## - CÓDIGO DE LENGUA
Código de lengua del texto/banda sonora o título independiente spa
044 ## - CÓDIGO DEL PAÍS DE LA ENTIDAD EDITORA/PRODUCTORA
Código MARC del país mx
050 #4 - SIGNATURA TOPOGRÁFICA DE LA BIBLIOTECA DEL CONGRESO
Número de clasificación Z210
Número de documento/Ítem .G73 2010
100 1# - ENTRADA PRINCIPAL--NOMBRE DE PERSONA
Nombre de persona Grañén Porrúa, María Isabel
9 (RLIN) 17057
245 10 - MENCIÓN DE TÍTULO
Título Los grabados en la obra de Juan Pablos
Resto del título primer impresor de la Nueva España, 1539-1560
Mención de responsabilidad, etc. María Isabel Grañén Porrúa ; prólogo de Clive Griffin ; notas tipográficas de Juan Pascoe.
260 ## - PUBLICACIÓN, DISTRIBUCIÓN, ETC.
Lugar de publicación, distribución, etc. México
Nombre del editor, distribuidor, etc. FCE, ADABI
Fecha de publicación, distribución, etc. 2010
300 ## - DESCRIPCIÓN FÍSICA
Extensión xxxiii, 255 p.
Otras características físicas il. (algunas a color)
Dimensiones 31 cm.
440 #0 - MENCIÓN DE SERIE/PUNTO DE ACCESO ADICIONAL--TÍTULO
Título Colección Tezontle
9 (RLIN) 17058
500 ## - NOTA GENERAL
Nota general Incluye cronología de los grabados de Juan Pablos, índice de la tipografía utilizada por Juan Pablos, índice cronológico de los impresos de Pablos, siglas e índice de láminas
504 ## - NOTA DE BIBLIOGRAFÍA, ETC.
Nota de bibliografía, etc. Bibliografía: p. 231-255
600 14 - PUNTO DE ACCESO ADICIONAL DE MATERIA--NOMBRE DE PERSONA
Nombre de persona Pablos, Juan
Subdivisión general vida y obra
9 (RLIN) 17059
650 14 - PUNTO DE ACCESO ADICIONAL DE MATERIA--TÉRMINO DE MATERIA
Término de materia o nombre geográfico como elemento de entrada Imprenta
Subdivisión cronológica Siglo XVI
Subdivisión geográfica México
9 (RLIN) 17060
650 14 - PUNTO DE ACCESO ADICIONAL DE MATERIA--TÉRMINO DE MATERIA
Término de materia o nombre geográfico como elemento de entrada Incunables
Subdivisión cronológica Siglo XVI
Subdivisión geográfica México
9 (RLIN) 17061
650 14 - PUNTO DE ACCESO ADICIONAL DE MATERIA--TÉRMINO DE MATERIA
Término de materia o nombre geográfico como elemento de entrada Libros
Subdivisión cronológica Siglo XVI
Subdivisión geográfica México
9 (RLIN) 17062
700 1# - PUNTO DE ACCESO ADICIONAL--NOMBRE DE PERSONA
Nombre de persona Griffin, Clive
Término indicativo de función/relación pról.
9 (RLIN) 17063
700 1# - PUNTO DE ACCESO ADICIONAL--NOMBRE DE PERSONA
Nombre de persona Pascoe, Juan
Término indicativo de función/relación notas
9 (RLIN) 17064
942 ## - ELEMENTOS DE PUNTO DE ACCESO ADICIONAL (KOHA)
Fuente del sistema de clasificación o colocación Library of Congress Classification
Tipo de ítem Koha Libros
Holdings
Estado de retiro Estado de pérdida Estado dañado No para préstamo Localización permanente Ubicación/localización actual Fecha de adquisición Total de préstamos Signatura topográfica completa Código de barras Fecha visto por última vez Precio válido a partir de Tipo de ítem Koha
El ejemplar forma parte de la colección y puede ser consultado según las políticas vigentes.       Biblioteca del Museo Franz Mayer (Rogerio Casas-Alatriste) Biblioteca del Museo Franz Mayer (Rogerio Casas-Alatriste) 08/11/2011   Z210 .G73 2010 02492 22/03/2019 22/03/2019 Libros